000 00685nam a2200241Ia 4500
003 OSt
005 20220923230932.0
006 a|||||r|||| 00| 0
007 ta
008 220922b |||||||| |||| 00| 0 urd d
020 _c4
024 _a310,965
037 _cTextual
040 _aARTS
_cARTS
_burd
041 _2urd
_aurd
082 _aO168,1x, 152L8
245 0 _aबरजस्ता आाशार
246 _aBarajastā āāshāra
260 _aहैदराबाद
_b सियासत प्रकाशन
_c1978
650 _aउर्दू साहित्य
942 _hO168,1x, 152L8
_cTEXL
_2CC
999 _c388354
_d388354